000 00718nam a2200217Ia 4500
001 13240
003 GE_BSU
008 181216s||||||||xx |||||||||||||| ||und||
040 _cGE_BSU
080 _a632
100 _aЛозовой,Д.И.
245 _aВредные насекомые парковых и лесопарковых насаждении Грузии
245 _cРед.Л.Б.Махатадзе
260 _aТбилиси
260 _bМецниереба
260 _c1965
300 _a270стр.20см.
300 _cБиблиогр.с.224-259
653 _aВредные насекомые парковых и лесопарковых насаждении Грузии
942 _cBK
999 _c46404
_d46404